Linguae vasconum primitiae / (Record no. 12622)

MARC details
000 -LEADER
campo de control de longitud fija 00680nam a2200229 i 4500
001 - NÚMERO DE CONTROL
campo de control 12622
003 - IDENTIFICADOR DE NÚMERO DE CONTROL
campo de control ES-MaACL
005 - FECHA Y HORA DE LA ÚLTIMA TRANSACCIÓN
campo de control 20250730063045.0
007 - CAMPO FIJO DE DESCRIPCIÓN FÍSICA--INFORMACIÓN GENERAL
campo de control de longitud fija t|
008 - DATOS DE LONGITUD FIJA--INFORMACIÓN GENERAL
campo de control de longitud fija 921116s1980 sp |||| | baq d
020 ## - NÚMERO INTERNACIONAL ESTÁNDAR DEL LIBRO
Número Internacional Estándar del Libro 84-271-1200-9
080 ## - NÚMERO DE LA CLASIFICACIÓN DECIMAL UNIVERSAL
Número de la Clasificación Decimal Universal 891.69-1"15"
100 1# - ENTRADA PRINCIPAL--NOMBRE DE PERSONA
Nombre de persona Dechepare, Bernard,
Fechas asociadas al nombre ca. 1480-1545
9 (RLIN) 43164
245 10 - MENCIÓN DEL TÍTULO
Título Linguae vasconum primitiae /
Mención de responsabilidad, etc. Bernard Etxepare ; Patxi Altunak paratua.
250 ## - MENCION DE EDICION
Mención de edición Ed. kritikoa.
260 ## - PUBLICACIÓN, DISTRIBUCIÓN, ETC.
Lugar de publicación, distribución, etc. Bilbao :
Nombre del editor, distribuidor, etc. Mensajero,
Fecha de publicación, distribución, etc. 1980.
300 ## - DESCRIPCIÓN FÍSICA
Extensión 267 p. ;
Dimensiones 24 cm.
650 #4 - PUNTO DE ACCESO ADICIONAL DE MATERIA--TÉRMINO DE MATERIA
Término de materia o nombre geográfico como elemento de entrada Lengua vasca-
Subdivisión general Historia.
9 (RLIN) 154956
700 1# - ENTRADA AGREGADA--NOMBRE PERSONAL
Nombre de persona Altuna, Patxi,
Fechas asociadas al nombre 1927-2006
9 (RLIN) 20563
852 ## - LOCALIZACIÓN
Ubicación ES-MaACL
Número de control de estantería L-20059
Holdings
Estatus retirado Estado de pérdida Estado de daño No para préstamo Biblioteca de origen Biblioteca actual Ubicación en estantería Fecha de adquisición Fuente de adquisición Total de préstamos Signatura topográfica completa Código de barras Visto por última vez Precio de reemplazo Tipo de ítem Koha
        Biblioteca del Ateneo de Madrid Biblioteca del Ateneo de Madrid Depósito 2 17/01/2008     L-20059 1012858 23/02/2023 23/02/2023 Libro impreso